Macroeconomía de las promesas rotas (Registro nro. 28838)

Detalles MARC
000 -LEADER
fixed length control field 00346 a2200109 4500
001 - CONTROL NUMBER
control field ART_24498
005 - DATE AND TIME OF LATEST TRANSACTION
control field 20260410161934.0
008 - FIXED-LENGTH DATA ELEMENTS--GENERAL INFORMATION
fixed length control field 260409a
100 1# - MAIN ENTRY--PERSONAL NAME
Personal name Heymann, Daniel
245 10 - TITLE STATEMENT
Title Macroeconomía de las promesas rotas
773 0# - HOST ITEM ENTRY
Title Revista de Economía Política de Buenos Aires
Related parts - Año 1, Nº 2 (nov. 2007)
Record control number REV23982

No hay ítems disponibles.